Can you guess the anime? - Statistics

General Stats
  • This quiz has been taken 989 times
  • The average score is 19 of 34
Answer Stats
Hint Answer % Correct
Eren Jaeger Attack on titan
96%
Goku Dragon Ball
96%
Monkey D. Luffy One piece
95%
Light Yagami Deathnote
94%
Izuku Midoriya My hero academia
90%
Ochako Ururaka My hero academia
90%
Saitama One punch man
90%
Kakashi Hatake Naruto
88%
Ichigo Kurosaki Bleach
85%
Lucy Heartfilia Fairytail
81%
Erza Scarlet Fairytail
81%
Gray Fullbuster Fairytail
81%
Gon Freecss Hunter x hunter
78%
Kirito Sword art online
78%
Lelouch Lamperouge Code Geass
73%
Roy Mustang Fullmetal alchemist
62%
Ciel Black butler
54%
Gaara Naruto Shippuden
47%
Viktor Nikiforov Yuri on ice
47%
Spike Speigel Cowboy bebop
45%
Taiga Asaka Toradora
45%
Rias Gremory Highschool DxD
40%
Alucard Hellsing
39%
Haruhi Fujioka Ouran highschool host club
37%
Shiro No game no life
33%
Haruka Nanase Free
31%
Maka Albarn Soul eater
31%
Asuka Langley Soryu Neon genesis evangelion
27%
Makoto Naegi Danganronpa
26%
Hiyori Iki Noragami
25%
Hinami Fueguchi Tokyo ghoul
25%
Saeko Busujima Highschool of the dead
15%
Motoko Kusanagi Ghost in the shell
11%
Haruko Haruhara FLCL
9%
No matching quizzes found
Score Distribution
Percent of People with Each Score
Percentile by Number Answered
Your Score History
You have not taken this quiz